000 00536nam a2200193Ia 4500
003 GCL
008 140319s9999 xx 000 0 eng d
040 _aGCL /
_cGCL
082 0 4 _aCH
_b745.59
_bS I
100 1 _aSMITH, THOMAS F
245 1 0 _aI CAN HAVE A PARTY: SIMPLE - TO - MAKE PARTY IDEAS FOR YOUNG CHILDREN /
_cSMITH, THOMAS F
700 1 _aSMITH, THOMASINA
260 _a[S.N] :
_bLORENZ BOOKS
650 0 4 _aHANDICRAFTS
650 0 4 _aCHILDREN
650 0 4 _aDECORATIVE ARTS
650 0 4 _aCHILDREN - BOOKS
942 _2ddc
_cBK
999 _c14776
_d14776